Joy of sharing : (Record no. 89762)

MARC details
000 -LEADER
fixed length control field 00547nam a22001817a 4500
005 - DATE AND TIME OF LATEST TRANSACTION
control field 20141204120231.0
010 ## - LCCN (DPL NO)
LC control number ENG-111106
020 ## - INTERNATIONAL STANDARD BOOK NUMBER
Terms of availability 150.00
International Standard Book Number 9789351651659
035 ## - SYSTEM CONTROL NUMBER
System control number EN-94638
037 ## - SOURCE OF ACQUISITION
Source of stock number/acquisition DBAD/PUB
082 ## - DEWEY DECIMAL CLASSIFICATION NUMBER
Classification number 152.4
100 ## - MAIN ENTRY--PERSONAL NAME
Personal name Lakhotia, Subhash
245 ## - TITLE STATEMENT
Title Joy of sharing :
Statement of responsibility, etc by Subhash Lakhotia
Remainder of title always share your feelings /
260 ## - PUBLICATION, DISTRIBUTION, ETC. (IMPRINT)
Place of publication, distribution, etc New Delhi
Name of publisher, distributor, etc Diamond Books
Date of publication, distribution, etc 2014
270 ## - ADDRESS
City New Delhi
Postal code 110020
Address X-30 Okhla Industrial Area Phase-II
300 ## - PHYSICAL DESCRIPTION
Extent 175p.
Dimensions 22cm(pbk)
942 ## - ADDED ENTRY ELEMENTS (KOHA)
Source of classification or shelving scheme Dewey Decimal Classification
Item type English Books
Call number suffix LAK
Classification part 152.4
Holdings
Withdrawn status Lost status Not for loan Collection code Home library Current library Date acquired Source of acquisition Cost, normal purchase price Full call number Barcode Copy number Cost, replacement price Koha item type
    Not For Loan Non-fiction D.B.Act.Division D.B.Act.Division 05/11/2014 DBAD/PUB 150.00 152.4 LAK EN-94638 1 150.00 English Books

© Delhi Public Library
Hit Counter
free hit counter